000
00370nam a2200145Ia 4500
008
230718s9999 xx 000 0 und d
041
_a
Eng.
082
_a
920
_b
ابن-م
100
_a
ابن انشاء
245
0
_a
ملتے ہو تو چین کو علی
260
_a
Pakistan
_b
سنگر بیل پلی شتر
_c
2002
300
_a
161
650
_a
Law
999
_c
28849
_d
28849